000 00319nam a2200133Ia 4500
005 20251222153651.0
008 251222s9999||||xx |||||||||||||| ||spa||
082 _a171.3/T41
100 _aTernero, Freddy
245 0 _a¡Si se Pude! La Conquista de un Sueños
250 _a1ra. ed.
264 _bPEISA
942 _cLIB
999 _c33115
_d33115